Deutsche Großstadt zu größtem Nachbarort - Statistiken

Allgemein
  • Dieses Quiz wurde 119 mal gespielt
    70 seit der letzten Aktualisierung
  • Das Durchschnittsergebnis liegt bei 8 aus 15
Antwortstatistiken
Großstadt Einwohner Nachbarort % Korrekt
Dortmund 357.024 Bochum
100%
Bochum 601.343 Dortmund
100%
Hagen 601.343 Dortmund
100%
Neuss 616.319 Düsseldorf
100%
Nürnberg 131.712 Fürth
100%
Recklinghausen 156.154 Herne
100%
Fürth 526.606 Nürnberg
100%
Frankfurt am Main 131.845 Offenbach am Main
100%
Offenbach 749.596 Frankfurt am Main
92%
Mainz 287.241 Wiesbaden
92%
Heidelberg 316.256 Mannheim
91%
Berlin 184.219 Potsdam
91%
Bottrop 574.082 Essen
90%
Bergisch Gladbach 1.024.408 Köln
90%
Köln 167.850 Leverkusen
89%
Wiesbaden 222.889 Mainz
89%
Potsdam 3.662.381 Berlin
86%
Oberhausen 574.082 Essen
86%
Ludwigshafen am Rhein 316.256 Mannheim
86%
Leverkusen 1.024.408 Köln
85%
Essen 357.024 Bochum
82%
Moers 503.185 Duisburg
80%
Wuppertal 166.078 Solingen
80%
Remscheid 358.592 Wuppertal
80%
Gelsenkirchen 574.082 Essen
75%
Salzgitter 253.527 Braunschweig
73%
Erlangen 526.606 Nürnberg
73%
Duisburg 616.319 Düsseldorf
71%
Mülheim an der Ruhr 574.082 Essen
70%
Solingen 358.592 Wuppertal
70%
Düsseldorf 503.185 Duisburg
69%
Krefeld 503.185 Duisburg
69%
Herne 357.024 Bochum
67%
Mannheim 176.110 Ludwigshafen am Rhein
67%
Bielefeld 99.793 Gütersloh
64%
Hamburg 81.834 Norderstedt
60%
Bremen 81.764 Delmenhorst
58%
Ulm 62.204 Neu-Ulm
58%
Dresden 40.148 Pirna
56%
Bonn 75.828 Troisdorf
55%
Braunschweig 105.056 Salzgitter
54%
Osnabrück 31.477 Georgsmarienhütte
50%
Leipzig 25.372 Markkleeberg
50%
Saarbrücken 40.952 Völklingen
50%
Hannover 60.064 Garbsen
44%
Stuttgart 96.470 Esslingen am Neckar
42%
Kassel 27.811 Baunatal
38%
Mönchengladbach 77.745 Viersen
36%
Münster 38.101 Greven
33%
Karlsruhe 38.597 Ettlingen
29%
Freiburg im Breisgau 21.791 Bad Krozingen
25%
Siegen 30.925 Kreuztal
25%
Augsburg 29.956 Friedberg (Bayern)
22%
Hamm 59.974 Unna
21%
Trier 18.539 Konz
20%
Halle (Saale) 14.792 Landsberg
20%
Heilbronn 26.368 Neckarsulm
20%
Paderborn 31.931 Delbrück
15%
Darmstadt 41.756 Dreieich
15%
München 40.632 Germering
15%
Oldenburg 29.761 Bad Zwischenahn
14%
Reutlingen 23.118 Metzingen
14%
Bremerhaven 31.186 Geestland
13%
Magdeburg 30.537 Schönebeck (Elbe)
13%
Rostock 7.482 Dummerstorf
11%
Aachen 87.514 Heerlen
10%
Koblenz 18.536 Lahnstein
10%
Wolfsburg 15.408 Königslutter am Elm
9%
Erfurt 7.967 Amt Wachsenburg
0%
Lübeck 19.953 Bad Schwartau
0%
Jena 8.001 Bad Sulza
0%
Göttingen 14.069 Bovenden
0%
Würzburg 9.446 Höchberg
0%
Kaiserslautern 8.305 Landstuhl
0%
Chemnitz 23.827 Limbach-Oberfrohna
0%
Ingolstadt 12.869 Manching
0%
Regensburg 13.995 Neutraubling
0%
Pforzheim 12.492 Niefern-Öschelbronn
0%
Kiel 14.050 Schwentinental
0%
Keine übereinstimmenden Quizze gefunden
Verteilung der Resultate
Anzahl Personen mit jedem Resultat
Perzentil nach korrekt beantworteten Fragen
Ihre Resultats-Entwicklung
Sie haben dieses Quiz seit der letzten Aktualisierung nicht gespielt